| АИС "Историко-культурное наследие Беларуси" | ||
| Базовый | Расширенный | Профессиональный | Словарь персоналий | Тематический словарь | По видам объектов | История запросов Заказы | Регистрация | |
Запись в MARC-формате
| копировать MARC-запись |
=LDR 00000cx\\c2200217\\\45\\
=001 BY-NLB-ar13301
=005 20160209133929.3
=100 \\$a20001231abely50\\\\\\ca0
=152 \\$apsbo
=160 \\$ae-un
=215 \\$aКіеў, горад (Украіна)
=300 1\$aЗаснаваны ў 5–6 стст. У летапісах упершыню згадваецца пад 860 г. Пасля ўтварэння ў канцы 9 ст. Кіеўскай Русі стаў яе палітычным цэнтрам. У 1240 г. разбураны мангола-татарамі. З 1362 г. у складзе ВКЛ. З 1471 г. – цэнтр Кіеўскага ваяводства. У канцы 15 ст. атрымаў магдэбургскае права. З 1569 г. у складзе Рэчы Паспалітай. З 1654 г. – у Расіі, цэнтр Кіеўскага ваяводства, з 1708 г. – Кіеўскай губерні. У 1918 г. акупіраваны Германіяй, у 1920 г. – Польшчай. З 1934 г. – сталіца Украіны.
=356 \\$aРазмешчаны на рацэ Дняпро ва Украіне.
=415 \\$8belukr$aКиїв, горад
=801 \2$aBY$bBY-HM0000$c20070221
=801 \0$aBY$bBY-HM0000$c20001231
=801 \1$aBY$bBY-HM0000$c20040804
=810 \\$aБеларуская энцыклапедыя. У 18 т. Т. 8. — Мінск, 1999.
=810 \\$aБольшая энциклопедия. В 62 т. Т. 21. — Москва, 2006.
=999 \\$g40$t20070221
Чтобы вернуться назад, щелкните кнопку BACK на Вашем браузере